000 01175nam a2200337 a 4500
003 CHAP
005 20220329143650.0
008 101201s2006 mx 00010 spa d
010 _a100032
011 _a101004
020 _a9789680203994
035 _a111690
040 _cCHAP
090 _aCD-311
111 2 _aColoquio Representaciones Sociales en el Agro (
_d2006
_c: Chapingo, Méx.)
_925447
245 1 0 _aRepresentaciones sociales en el agro, 12 y 13 de octubre [Disco compacto]
_c/compilado por Luis Pérez Lugo
260 _aChapingo, Méx. :
_bUACH,
_c2006
300 _a1 disco compacto ;
_c4 3/4 plgs.
590 _aBATCH-UPD
_b10
_c20130110
_lUCH01
_h1336
590 _aBATCH-UPD
_b10
_c20130410
_lUCH01
_h0839
590 _aBATCH-UPD
_b10
_c20130914
_lUCH01
_h1011
590 _aCONVERSION
_b10
_c20130109
_lUCH01
_h1355
650 0 4 _aEducación media superior.
_935578
650 0 4 _aEtnografía.
_938651
650 0 4 _aMovimientos sociales.
_979169
700 0 _aPérez Lugo, Luis
_e, comp.
_989811
901 _aBK
942 _cCD
949 _aCD-311
_bBC
_cCD
_d33724002221017
_eCD
_i111690
_sb
949 _aCD-311
_bBC
_cCD
_d33724002221058
_eCD
_fc.2
_i111690
_sb
999 _c100032
_d100032